• 首页
  • 本馆介绍
  • 公告通知
  • 最新文献
  • 馆藏检索
  • 电子资源
  • 读者导购
  • 参考咨询
  • 我的图书馆
  • 登录
  • 详细信息显示
  • 放入我的书架
  • 预约/预借图书
  • 作者相关作品
  • 分类相关作品
  • 丛书相关作品
  • 出版社相关作品

书目信息

  • 表格格式
  • 工作单格式
  • 卡片格式
题名:
冰心精选集
    
 
作者: 冰心 著
分册:  
出版信息: 北京   北京燕山出版社  2006
页数: 10,334页
开本: 24cm
丛书名: 世纪文学60家
单 册:
中图分类: I217.52
科图分类:
主题词: 文学--作品--中国--现代--选集
电子资源:
ISBN: 7-5402-0373-0
000 00860oam2 2200241 450
001 012006011911
005 20061118103619.75
010    @a7-5402-0373-0@dCNY22.00
100    @a20060331d2006 em y0chiy0110 ea
101 0  @achi
102    @aCN@b110000
105    @af z 000zy
200 1  @a冰心精选集@9bing xin jing xuan ji@f冰心著
210    @a北京@c北京燕山出版社@d2006
215    @a10,334页@c照片@d24cm
225 2  @a世纪文学60家
330    @a本书收录了冰心的代表作品。包括小说编《两个家庭》、《超人》、《最后的安息》等;散文编《关于女人》、《寄小读者》(节选)、《往事》(节选)等;诗歌编《繁星》、《春水》,并附有关专家撰写的研究性序文及作者的创作要目。
461  0 @12001 @a世纪文学60家
606 0  @a文学@x作品@y中国@z现代@j选集
690    @aI217.52@v4
701  0 @a冰心@9bing xin@4著
801  0 @aCN@bRENTIAN@c20061118
905    @a10447@dI217.52@e505
    
    冰心精选集/冰心著.-北京:北京燕山出版社,2006
    10,334页:照片;24cm.-(世纪文学60家)
    
    
    ISBN 7-5402-0373-0:CNY22.00
    本书收录了冰心的代表作品。包括小说编《两个家庭》、《超人》、《最后的安息》等;散文编《关于女人》、《寄小读者》(节选)、《往事》(节选)等;诗歌编《繁星》、《春水》,并附有关专家撰写的研究性序文及作者的创作要目。
●
相关链接 在E读中查询图书 在五车中查询图书 在当当中查询图书 在豆瓣中查询图书


正题名:冰心精选集     索取号:I217.52/505         预约/预借

序号 登录号 条形码 馆藏地/架位号 状态 备注
1 0392923   203929231   第一样本阅览室/ [索取号:I217.52/505] 在馆    
2 0392924   203929240   第二借阅区/ [索取号:I217.52/505] 在馆    
3 0392925   203929259   第二借阅区/ [索取号:I217.52/505] 在馆    
4 0392926   203929268   第二借阅区/ [索取号:I217.52/505] 在馆    
5 0392927   203929277   第二借阅区/ [索取号:I217.52/505] 在馆    
唐山师范学院图书馆 欢迎您!
大连网信软件有限公司© 版权所有